000
00285nam a22001337a 4500
008
171030b xxu||||| |||| 00| 0 eng d
020
_a
9780395675519
041
_a
eng
080
_a
33
100
_a
58
101
_a
BUS
245
_a
BUSSINESS ETHICS
_c
FERRELL.F
942
_2
udc
_c
BK
999
_c
36563
_d
36563